Shin (Запис номер 209186)
[ съкратено ]
| 000 -Лидер | |
|---|---|
| Контролно поле с фиксирана дължина | 01452nkm a2200337 c 4500 |
| 003 - Код на организацията, давaща контролен номер | |
| Контролно поле | BLK |
| 005 - Дата и час на последна редакция | |
| Контролно поле | 20200713100629.0 |
| 008 - Елементи от данни с фиксирана дължина | |
| fixed length control field | 180412b bul rap|r|||| r0| ||bulo| |
| 010 ## - Наследен системен номер | |
| LC control number | KNG00096774000 |
| 020 ## - Международен стандартен номер на книга ISBN | |
| Международен стандартен номер на книга ISBN | 978-954-92434-1-3 |
| 040 ## - Източник на каталожния запис | |
| Идентификатор на билиотеката - собственик на записа | BLK |
| 041 ## - Код за език | |
| Код за езика на текст/звукозапис или на отделно заглавие | Български |
| Код за езика КДБФ | Български |
| 072 #7 - Код за тематичната категория | |
| Код организация | bullib |
| Код за тематична категория | Н00 |
| Текст | Общ отдел Н |
| 080 ## - УДК | |
| Текстов определител УДК | Издания за деца и юноши. Книжки-картинки. Читанки. Вж и 372.4 |
| УДК код - определител по УДК | 087.5 |
| УДК - код + определител | 087.5 |
| 139 ## - Редно поле | |
| Редна дума | Жереми, Жан |
| Авторски знак | Жер - Ж 40 |
| 245 10 - Сведения за заглавието | |
| Заглавие | Shin |
| Подзаглавни данни | Т. 1 - |
| Редно поле (дума) | сценарист Лилиан; ил. Жан Жереми; прев. от фр. Даниела Борисова. |
| Том | Т. 1 |
| Заглавие на том | Хаос |
| 257 ## - Страна на издаване | |
| Страна на създаване/издаване | Франция |
| 260 ## - Област на издателските данни | |
| Година на издаване | 2009 - |
| Печатница | За том: София : Лито Балкан |
| 300 ## - Физическа характеристика | |
| Размери/Мащаб | 18 см |
| 380 ## - Жанр | |
| Жанр | Общ отдел |
| 659 ## - Тематичен бюлетин | |
| Тематичен бюлетин | Н |
| 700 1# - Други автори (авторска отговорност) | |
| Лично име | Лилиан |
| Автороска отговорност (Описва отношението между автора и произведението) | сценарист |
| 9 (RLIN) | 351789 |
| 700 1# - Други автори (авторска отговорност) | |
| Лично име | Жереми, Жан |
| Автороска отговорност (Описва отношението между автора и произведението) | ил. |
| 9 (RLIN) | 68336 |
| 700 1# - Други автори (авторска отговорност) | |
| Лично име | Борисова, Даниела |
| Автороска отговорност (Описва отношението между автора и произведението) | прев. от фр. |
| 9 (RLIN) | 377690 |
| 760 1# - Описание на основната серия | |
| Място на издаване, издател и година | InfoMedia Group, 2009 |
| Страници - том | 166 с. : с ил. |
| Забележка - том | Съдържа и Интервю с авторите Лилиан и Жан / Разговора води Арман дьо Томи |
| Заглавие | Т. 1 Хаос |
| 852 ## - Местоположение | |
| Форматна сигнатура | Цб І 39233 |
| 856 4# - Електронен адрес и достъп | |
| Електронен формат | pdf - файл |
| Път до файла /url/ | |
| 856 4# - Електронен адрес и достъп | |
| Електронен формат | pdf - файл |
| Път до файла /url/ | |
| 999 ## - СИСТЕМНИ КОНТРОЛНИ НОМЕРА | |
| Koha biblionumber | 209186 |
| Koha biblioitemnumber | 209186 |
| 942 ## - АРТИКУЛИ | |
| Вид на библиотечния материал | Графични издания |
| Скрит в OPAC | Не |
| Периодичен библиозапис | Да |
| 944 ## - СЪЗДАВАНЕ И РЕДАКЦИЯ на ЗАПИСА | |
| Създаване/Редакция | Създаване |
| Дата на регистрацията/редакция | 30.08.2010 |
| Служител, извършил регистрацията/редакцията | Геновева_Генчева |
| 944 ## - СЪЗДАВАНЕ И РЕДАКЦИЯ на ЗАПИСА | |
| Създаване/Редакция | Редакция |
| Дата на регистрацията/редакция | 17.09.2010 |
| 999 ## - СИСТЕМНИ КОНТРОЛНИ НОМЕРА | |
| Koha biblioitemnumber | 209186 |
| Код за отписване | Код за изгубен артикул | Източник на класификационната схема | Код за повреда | Коз за рестрикции | Код за отдаване | Артикулен № | Име на библиотеката - собственик | Име на библиотеката, в която се намира в момента | Статус (Текущо местоположение) | Дата на вписване в системата | Местоположение - отдел | Цена в лева | Инвентарен номер | Систематично азбучна сигнатура | Баркод | Номер на екземпляра | Цена в евро | Служебна бележка | Служебен тип на артикула |
|---|---|---|---|---|---|---|---|---|---|---|---|---|---|---|---|---|---|---|---|
| Не е изгубен | Universal Decimal Classification | Не е повреден | без рестрикции | ползва се в читалня | 360434 | Регионална библиотека "Любен Каравелов" Русе | Регионална библиотека "Любен Каравелов" Русе | Хранилище | 2010-08-20 | Хранилище | 9.99 | 120000745243 | Цб І 39233 | 120000745243 | 1 | 5.11 | Дост: Dp Вид: Д N: 48 Дата: 18.11.2009 | Графични издания |